| 000 | 00702nam a2200229 a 4500 | ||
|---|---|---|---|
| 005 | 20240924071618.0 | ||
| 008 | 190328s2018 mx r 000 0 spa d | ||
| 020 | _a9789709430622 | ||
| 035 | _aUPN01000229831 | ||
| 049 | _aCG | ||
| 050 | 4 |
_aLB1027 _bN8.2 |
|
| 245 | 0 | 0 |
_aNuevas perspectivas en la educación : _breflexiones sobre procesos educativos / _ccoord. y comp. Rocío Guzmán. |
| 260 |
_aMéxico : _bIkygai, _c2018. |
||
| 300 | _a120 p. | ||
| 650 | 4 |
_aInnovaciones educativas _9386 |
|
| 650 | 7 |
_aEstrategias educativas _2 _91510 |
|
| 650 | 4 |
_aMaestros _xFormación profesional _9804 |
|
| 700 | 1 |
_aGuzmán, Rocío, _ecoord. |
|
| 905 | _aLibro | ||
| 999 |
_c201926 _d201926 |
||